Compassion magnifies third-party punishment / (Record no. 20861)
[ view plain ]
| 000 -LEADER | |
|---|---|
| fixed length control field | 00811nam a22001817a 4500 |
| 005 - DATE AND TIME OF LATEST TRANSACTION | |
| control field | 20250205204647.0 |
| 008 - FIXED-LENGTH DATA ELEMENTS--GENERAL INFORMATION | |
| fixed length control field | 240827b ||||| |||| 00| 0 eng d |
| 082 ## - DEWEY DECIMAL CLASSIFICATION NUMBER | |
| Classification number | DPer 155.205 J826 July-September 2019 v. 117 n. 1-3 |
| 100 ## - MAIN ENTRY--PERSONAL NAME | |
| Personal name | Pfattheicher, Stefan. |
| Relator term | author. |
| 9 (RLIN) | 58928 |
| 245 ## - TITLE STATEMENT | |
| Title | Compassion magnifies third-party punishment / |
| Statement of responsibility, etc. | Stefan Pfattheicher, Claudia Sassenrath, and Johannes Keller. |
| 260 ## - PUBLICATION, DISTRIBUTION, ETC. (IMPRINT) | |
| Place of publication, distribution, etc. | Washington ; |
| Name of publisher, distributor, etc. | American Psychological Association, |
| Date of publication, distribution, etc. | July 2019. |
| 300 ## - PHYSICAL DESCRIPTION | |
| Extent | Volume 117, pages 124-141, |
| Other physical details | illustration. |
| 500 ## - GENERAL NOTE | |
| General note | Journal of Personality and Social Psychology vol. 117, no. 1, pages 124-141, July 2019. |
| 700 ## - ADDED ENTRY--PERSONAL NAME | |
| Personal name | Pfattheicher, Stefan. |
| Relator term | author. |
| 9 (RLIN) | 58928 |
| 700 ## - ADDED ENTRY--PERSONAL NAME | |
| Personal name | Sassenrath, Claudia. |
| Relator term | author. |
| 9 (RLIN) | 58929 |
| 700 ## - ADDED ENTRY--PERSONAL NAME | |
| Personal name | Keller, Johannes. |
| Relator term | author. |
| 9 (RLIN) | 58930 |
| 942 ## - ADDED ENTRY ELEMENTS (KOHA) | |
| Source of classification or shelving scheme | Dewey Decimal Classification |
| Koha item type | Periodicals |
| Withdrawn status | Lost status | Source of classification or shelving scheme | Damaged status | Not for loan | Collection code | Home library | Current library | Date acquired | Total Checkouts | Date last seen | Price effective from | Koha item type | Public note |
|---|---|---|---|---|---|---|---|---|---|---|---|---|---|
| Dewey Decimal Classification | Periodicals | UM Digos College - LIC | UM Digos College - LIC | 08/27/2024 | 08/27/2024 | 08/27/2024 | Periodicals | Periodical Article |
